00337 a2200121 450000500170000002000180001708200150003510000140005024500640006425000120012826000380014030000370017820250423111019.0 a0 330 29747 3 a657.42 KNO aKNOTT, G. aPractical Cost and Management Accounting: a Fresh Approach. a2nd Ed. aLondon,bCox & Wyman Ltd, c1987. a368p.: ill.; figurebIndexc20cm